01518nam a2200229Ia 4500008004100000020001000041041001200051082001100063100001600074245005900090260003600149300000800185650000700193700001300200942000700213999001500220952019600235952020800431952022000639952020900859952022001068221030s9999 xx 000 0 und d a81219 aEnglish a105.23 aV. K. Mehta 0aBasic Electrical Engineeringcby V. K. Mehta, R. Mehta bS. Chand & Co.aNew Delhic2009 a903 aEE aR. Mehta cBK c8852d8852 pBE 10405g365.00i91l0o105.23 eDurga Books, Amritsarr2024-06-13 00:00:00w2022-10-30yBK003Print4071aMIETLIBbMIETLIBcBL-Academic Block B, FL-1, CUP-24, SH-2, R-2d2010-02-2010HBE pBE 10406g365.00i91l4o105.23 eDurga Books, Amritsarr2025-11-07 00:00:00s2025-10-09w2022-10-30yBK003Print4070aMIETLIBbMIETLIBcBL-Academic Block C, FL-2, CUP-31, SH-5, R-5d2010-02-2010HBE pBE 10407g365.00i91l4o105.23 eDurga Books, Amritsarq2025-05-01r2025-04-21 00:00:00s2025-04-21w2022-10-30yBK003Print4070aMIETLIBbMIETLIBcBL-Academic Block C, FL-2, CUP-31, SH-5, R-5d2010-02-2010HBE pBE 10408g365.00i91l5o105.23 eDurga Books, Amritsarr2026-06-30 15:41:21s2025-03-20w2022-10-30yBK003Print4070aMIETLIBbMIETLIBcBL-Academic Block A, FL-1, CUP-111, SH-2, R-2d2010-02-2010HBE pBE 10409g365.00i91l1o105.23 eDurga Books, Amritsarq2023-05-02r2023-04-21 00:00:00s2023-04-21w2022-10-30yBK003Print4070aMIETLIBbMIETLIBcBL-Academic Block C, FL-2, CUP-31, SH-5, R-5d2010-02-2010HBE